| 000 | 00457nam a2200169 i 4500 | ||
|---|---|---|---|
| 001 | 99869 | ||
| 003 | ES-MaACL | ||
| 005 | 20230906182552.0 | ||
| 007 | t| | ||
| 008 | 050919s1972 sp ||||1| spa d | ||
| 100 | 1 |
_aMartínez-Mena, Alfonso. _978225 |
|
| 245 | 1 | 0 |
_aIntroito a la esperanza / _cAlfonso Martínez-Mena. |
| 250 | _a[1ª ed.]. | ||
| 260 |
_aBarcelona : _bMarte, _c1972. |
||
| 300 |
_a202 p. ; _c21 cm. |
||
| 852 |
_aES-MaACL _jC-43163 _bR.81604 |
||
| 999 |
_c99869 _d99869 |
||